Beyond the village : local politics in Madang, Papua New Guinea /

Enregistré dans:
Détails bibliographiques
Auteur principal: Morauta, Louise
Format: Livre
Langue:English
Publié: Canberra : Australian National University Press, 1974.
Sujets:
LEADER 01620nam a2200361 a 4500
001 c000045158
003 CARM
005 19860121000000.0
008 800307s1974 acabfc b 001 0 eng d
019 1 |a 1643990  |5 LACONCORD2021 
020 |a 0708104673 :  |c $7.95 Aust. 
035 |a (OCoLC)27533750  |5 LACONCORD2021 
040 |a ANB  |b eng  |c ANB  |d NU 
042 |a anuc 
043 |a a-pp--- 
082 1 4 |a 309.1/95  |2 19 
082 1 4 |a 352/.0955  |2 19 
100 1 |a Morauta, Louise. 
245 1 0 |a Beyond the village :  |b local politics in Madang, Papua New Guinea /  |c by Louise Morauta. 
260 |a Canberra :  |b Australian National University Press,  |c 1974. 
300 |a xi, 194 p., [4] p. of plates :  |b maps, ports. ;  |c 23 cm. 
500 |a Papua New Guinea. Madang District. Local government (ANB/PRECIS SIN 600253716) 
500 |a Papua New Guinea. Madang District. Social structure (ANB/PRECIS SIN 600253724) 
500 |a First published: London : Athlone Press for the London School of Economics, 1974. 
500 |a Includes index. 
504 |a Bibliography: p. [185]-188. 
650 0 |a Local government  |z Madang District, Papua New Guinea. 
651 0 |a Madang District, Papua New Guinea  |x Social conditions. 
852 8 |b CARM  |h A2:AF10A0  |i B01735  |p 0029468  |f BK 
852 8 |b CARM  |h A1:AL28B0  |i B10138  |p 0450196  |f BK 
999 f f |i d868b911-a11a-5a65-8ee0-452ad35c63ae  |s 9428ccc4-4481-5954-aa92-6a8484bd5cce 
952 f f |p Can circulate  |a CAVAL  |b CAVAL  |c CAVAL  |d CARM 1 Store  |e B01735  |f A2:AF10A0  |h Other scheme  |i book  |m 0029468 
952 f f |p Can circulate  |a CAVAL  |b CAVAL  |c CAVAL  |d CARM 1 Store  |e B10138  |f A1:AL28B0  |h Other scheme  |i book  |m 0450196